000 00504nam a2200145Ia 4500
008 090122s9999 xx 000 0 und d
082 _b8460
_a891.4684
100 _aसरवटे
_bसुप्रिया
245 _aतुमचे यश तुमच्या हाती
600 _aसरवटे
630 _aतुमचे यश तुमच्या हाती
700 _aसरवटे
730 _aतुमचे यश तुमच्या हाती
942 _cBOOK
999 _c32537
_d32537